01976nab a2200229uuc4500001000800000005001700008008004100025035001200066040001300078041000800091100004400099245012700143520112800270650002801398650003001426650002901456650001601485700004001501700004101541700004901582773011501631134947620240202113049.0131112e20130701 spa  a1349476 ccomduadb aspa10aGonzález Galbán, Humberto4auteaut10aDiseño y aplicación en Cuba de un constructo para identificar dimensiones sociales de la discriminación por VIH/sida3 aObjetivo. Diseñar un instrumento que permita identificar dimensiones sociales de la discriminación contra las perso- nas con VIH y mostrar su aplicación en Cuba. Material y métodos. Combinación de metodología cualitativa y cuanti- tativa para la operacionalización de un constructo; inserción del instrumento en las encuestas de prevención del VIH aplicadas en Cuba en 2005, 2006 y 2009 y desarrollo de las técnicas estadísticas de análisis factorial y de las K-medias, para conocer dimensiones sociales de la discriminación. Resultados. Se construyó un instrumento que permitió obtener un diagnóstico sobre las actitudes discriminatorias más frecuentes contra las personas con VIH en el ámbito de la vida social cotidiana de los cubanos, clasificar dicha población según niveles de actitudes discriminatorias y co- nocer algunas de las dimensiones sociales de este fenómeno. Conclusiones. Es posible disponer de una herramienta que posibilite dictaminar actitudes discriminatorias en una po- blación determinada, focalizar acciones y evaluar tendencias sobre su comportamiento. aDiscriminación social 7aInfecciones por VIH2lemb aSIDA - Aspectos sociales aSIDA - Cuba10aIglesias Linares, Mildred4auteaut10aMena Martínez,, Mercedes4auteaut10aBojórquez Chapela, Ietza Rocío4auteaut0 tSalud Pública de México (México)gVol. 55, No. 04, Jul.-Ago. 2013, p. 399-407w356363x0036-36340112116